000 00322 a2200133 4500
999 _c324902
_d324902
001 89829
003 NUST
082 _a808.0683 FAN
100 _aFancy Story Book
_99852
245 _aLittle red riding hood
260 _aIndia
_bDreamland Publications
_c2013
300 _a06p.
500 _aGeneral Books
942 _aCAE NUST
_cBK
_k808.0683 FAN
_2ddc